000 02297 a2200193 4500
020 _a0471252891
020 _a9780471252894
082 0 4 _a511.66
090 _c1586
_d1586
100 1 _aKaplan, Wilfred.
245 1 0 _aMaxima and minima with applications :
_bpractical optimization and duality /
_cWilfred Kaplan.
260 _a[S.l.] :
_bWiley-Interscience,
_c1998.
300 _a284 p. ;
_c25 cm.
500 _aHardcover.
520 _aThis new work by Wilfred Kaplan, the distinguished author of influential mathematics and engineering texts, is destined to become a classic. Timely, concise, and content-driven, it provides an intermediate-level treatment of maxima, minima, and optimization. Assuming only a background in calculus and some linear algebra, Professor Kaplan presents topics in order of difficulty. In four short chapters, he describes basic concepts and geometric aspects of maxima and minima, progresses to problems with side conditions, introduces optimization and programming, and concludes with an in-depth discussion of research topics involving the duality theorems of Fenchel and Rockafellar. Throughout the text, the subject of convexity is gradually developed-from its theoretical underpinnings to problems, and finally, to its role in applications. Other features include: * A strong emphasis on practical applications of maxima and minima * An impressive array of supporting topics such as numerical analysis * An ample number of examples and problems * More than 60 illustrations highlighting the text * Algorithms to reinforce concepts * An appendix reviewing the prerequisite linear algebra Maxima and Minima with Applications is an ideal text for upper-undergraduate and graduate students taking courses in operations research, management, general engineering, and applied mathematics. It can also be used to supplement courses on linear and nonlinear optimization. This volume's broad scope makes it an excellent reference for professionals wishing to learn more about cutting-edge topics in optimization and mathematical programming.
856 4 0 _3Amazon.com
_uhttp://www.amazon.com/exec/obidos/ASIN/0471252891/chopaconline-20
856 4 0 _3Amazon customer reviews
_uhttp://www.chopac.org/cgi-bin/tools/azrev.pl?q=0471252891
942 _aNBS
_cBK
_k511.66 KAP
999 _c344104
_d344104